00413 2200157 4500001002100000035002000021245006400041100001900105260004100124300002400165020002200189084001400211082000800225650001000233990001200243INLIS000000000002707 a0010-0925000054 aDiary Chiki Fauzi : Inspirasi Muslimah MudacYugha Erlangga aYugha Erlangga aJakartabEsensi Erlangga Groupc2017 a159c(14,5 x 21 cm) a978-602-0935-76-8 a813 YUG d a813 aFiksi a0754909